000 00797cam a2200265 a 4500
008
020 _a9780761943266 (hbk.)
049 _aMAIN
090 _aREF PN1993.7
_bSAG
245 0 4 _aThe SAGE handbook of film studies /
_cedited by James Donald and Michael Renov.
260 _aLos Angeles :
_bSAGE,
_c2008.
300 _axiii, 522 p. :
_bill. ;
_c26 cm.
500 _aIncludes index.
504 _aIncludes bibliographical references.
650 0 _aMotion pictures.
650 0 _aMotion pictures
_xHistory.
650 0 _aFilm criticism.
700 1 _aDonald, James.
700 1 _aRenov, Michael.
907 _a.b1029675x
_b07-06-12
_c20-05-11
003
005 20230123125255.0
040 _cNUST
942 _cBOOKS
_kREF PN1993.7
_mSAG
999 _c138714
_d138714